000 00525nam a22001577a 4500
003 OSt
005 20150918165740.0
008 150918b xxu||||| |||| 00| 0 eng d
040 _cRUA
082 _aAGR PIT 2006 BO33 Or.1
100 _9799
_aPITH, LINA
245 _aPotential of cashew nut in patanakiri provinve,(សក្តានុពលដំណាំស្វាយចន្ទី នៅខេត្តរតនគិរី).
260 _aphnom phen
_bRUA
_c2006
300 _aVIII,50p.
_bill.
_c29cm.
942 _2ddc
_cAGR
999 _c771
_d771